ស្លាប់រស់ព្រោះមាត់ / (Record no. 8764)
[ view plain ]
| 000 -LEADER | |
|---|---|
| fixed length control field | 01821nam a22003137a 4500 |
| 001 - CONTROL NUMBER | |
| control field | 8764 |
| 003 - CONTROL NUMBER IDENTIFIER | |
| control field | FISKH |
| 005 - DATE AND TIME OF LATEST TRANSACTION | |
| control field | 20251017143605.0 |
| 008 - FIXED-LENGTH DATA ELEMENTS--GENERAL INFORMATION | |
| fixed length control field | 251017b cb ||||| |||| 00| 0 eng d |
| 020 ## - INTERNATIONAL STANDARD BOOK NUMBER | |
| International Standard Book Number | 9789995001858 |
| 040 ## - CATALOGING SOURCE | |
| Original cataloging agency | FISKH |
| Language of cataloging | khr |
| Transcribing agency | FISKH |
| Modifying agency | FISKH |
| 050 ## - LIBRARY OF CONGRESS CALL NUMBER | |
| Classification number | PZ7 |
| 082 ## - DEWEY DECIMAL CLASSIFICATION NUMBER | |
| Classification number | 398.2 |
| 100 ## - MAIN ENTRY--PERSONAL NAME | |
| Personal name | Jerng, Yim |
| 245 ## - TITLE STATEMENT | |
| Title | ស្លាប់រស់ព្រោះមាត់ / |
| Statement of responsibility, etc. | អ្នកនិពន្ធ លោក យឹម ជឿង , អ្នករៀបរៀង លោក អ៊ាន ភាង និង ងួន សាកល |
| 260 ## - PUBLICATION, DISTRIBUTION, ETC. | |
| Place of publication, distribution, etc. | ភ្នំពេញ : |
| Name of publisher, distributor, etc. | គ្រឹះស្ថានបោះពុម្ពនិងចែកផ្សាយ , |
| Date of publication, distribution, etc. | 2013 . |
| 300 ## - PHYSICAL DESCRIPTION | |
| Extent | 8 pages : |
| Other physical details | color illustrations ; |
| Dimensions | 17 *1 8cm . |
| 490 ## - SERIES STATEMENT | |
| Series statement | រឿងនិទានអប់រំសម្រាប់កុមារ |
| 505 ## - FORMATTED CONTENTS NOTE | |
| Formatted contents note | L <br/><br/> |
| 520 ## - SUMMARY, ETC. | |
| Summary, etc. | អ្នកនិទានប្រើរឿងនេះដើម្បីបង្ហាញថា ការនិយាយដោយគិតទាំងមុន មានអត្ថិផល ប៉ុន្តែការនិយាយដោយគ្មានការពិចារណាអាចនាំអោយមានគ្រោះថ្នាក់ ឬផលវិបាកធ្ងន់ធ្ងរ។ |
| 520 ## - SUMMARY, ETC. | |
| Summary, etc. | "The storyteller uses this tale to show that speaking thoughtfully can be beneficial, but speaking without thinking can lead to danger or serious consequences." |
| 521 8# - TARGET AUDIENCE NOTE | |
| Target audience note | 530 <br/> |
| Source | Lexile estimate <br/> |
| 521 8# - TARGET AUDIENCE NOTE | |
| Target audience note | L <br/> |
| Source | Raz-Plus <br/> |
| 650 ## - SUBJECT ADDED ENTRY--TOPICAL TERM | |
| Topical term or geographic name entry element | ស្លាប់រស់ព្រោះមាត់ |
| Form subdivision | រឿងនិទានកុមារ |
| 650 ## - SUBJECT ADDED ENTRY--TOPICAL TERM | |
| Topical term or geographic name entry element | Slab ros pros meat |
| Form subdivision | Children's Stories |
| 700 ## - ADDED ENTRY--PERSONAL NAME | |
| Personal name | Samoun , Poch |
| Relator term | Illustrator |
| 942 ## - ADDED ENTRY ELEMENTS (KOHA) | |
| Source of classification or shelving scheme | Dewey Decimal Classification |
| Koha item type | Khmer Books |
| Suppress in OPAC | No |
| Withdrawn status | Lost status | Source of classification or shelving scheme | Damaged status | Not for loan | Collection | Home library | Current library | Shelving location | Date acquired | Total Checkouts | Full call number | Barcode | Date last seen | Copy number | Price effective from | Koha item type |
|---|---|---|---|---|---|---|---|---|---|---|---|---|---|---|---|---|
| Dewey Decimal Classification | Khmer Language Books / សៀវភៅភាសាខ្មែរ | Footprints International School Library Network Toul Tom Poung Campus | Footprints International School Library Network Toul Tom Poung Campus | TTP Primary Khmer Bookshelves | 10/17/2025 | JER PZ7 398.2 | FISTK03816 | 10/17/2025 | 1 | 10/17/2025 | Khmer Books | |||||
| Dewey Decimal Classification | Khmer Language Books / សៀវភៅភាសាខ្មែរ | Footprints International School Library Network Toul Tom Poung Campus | Footprints International School Library Network Toul Tom Poung Campus | TTP Primary Khmer Bookshelves | 12/11/2025 | JER PZ7 398.2 | FIS02232 | 12/11/2025 | 2 | 12/11/2025 | Khmer Books | |||||
| Dewey Decimal Classification | Khmer Language Books / សៀវភៅភាសាខ្មែរ | Footprints International School Library Network Toul Tom Poung Campus | Footprints International School Library Network Toul Tom Poung Campus | TTP Primary Khmer Bookshelves | 12/12/2025 | JER PZ7 398.2 | FIS02165 | 12/12/2025 | 3 | 12/12/2025 | Khmer Books |
